Word Scramble Geography by Letter - P - Statistics

General Stats
  • This quiz has been taken 367 times
  • The average score is 7 of 10
Answer Stats
Answer % Correct
Paraguay
100%
Paris
100%
Peru
97%
Palau
94%
Panama
94%
Prague
93%
Philippines
91%
Philadelphia
89%
Pennsylvania
88%
Phoenix
87%
Pyongyang
87%
Pune
84%
Pakistan
83%
Perth
83%
Poland
81%
Pierre
79%
Portugal
74%
Palestine
70%
Papua New Guinea
69%
Praia
69%
Podgorica
66%
Phnom Penh
64%
Pyrenees
63%
Pretoria
62%
Paramaribo
61%
Port-au-Prince
61%
Porto-Novo
61%
Palikir
60%
Portland
59%
Puerto Rico
59%
Peninsula
56%
Persian
48%
Providence
44%
Puebla
44%
Port Louis
43%
Pristina
41%
Port Moresby
33%
Port Vila
31%
Port of Spain
26%
No matching quizzes found
Score Distribution
Percent of People with Each Score
Percentile by Number Answered
Your Score History
You have not taken this quiz